01812nam a2200325Ia 450000500170000000800410001702000150005804100080007308200180008110000300009924500870012925000220021626400330023830000260027133600270029733700330032433800280035749000310038550400420041650507180045853400660117665000310124265000310127365000220130465000210132665000290134765000320137670000430140804000350145120220316235340.0121119s2002 ck gr 000 edspa  a95830015890 aspa04a330.122bH81b1 aHuberman, Leo,d1903-196814aLos bienes terrenales del hombrecLeo Huberman ; edición, Gabriel Silva Rincón aPrimera edición 1aBogotábPanamericanac2002 a373 páginasc20 cm. atextobtxt2rdacontent asin mediaciónbn2rdamedia avolumenbnc2rdacarrier0 aInterés general aEnsayo aIncluye datos biográficos del autor0 aClérigos, guerreros y trabajadores ; Aparece el comerciante ; Vamos a la ciudad ; Nuevas ideas por viejas ideas ; El campesino se libera ; "Y ningún extraño trabajará" ; Ahí viene el rey ; El hombre rico ; Pobre, mendigo, ladrón ; Se necesita ayuda hasta de niños de dos años ; Oro, grandeza y gloria ; ¡Dejadnos hacer! ; "El viejo orden cambia" ; ¿De dónde vino el dinero? ; La revolución en la industria, la agricultura y los transportes ; "La semilla que tú siembres, otro la cosechará" ; ¿Leyes naturales?¿De quién? ; ¡Proletarios del mundo, uníos! ; "Si yo pudiese anexaría los planteas..." ; El eslabón más débil ; Rusia tiene un plan |; ¿Renunciarán al azúcar? tMan's Wordly Goods, the story of life wealth of nations, 1936142LEMBaTeoría económica142LEMBaEconomíaxHistoria142LEMBaCapitalismo142LEMBaFeudalismo142LEMBaComercioxHistoria142LEMBaEconomía política1 aSilva Rincón, Gabrield1955-eeditor aCO-BoRNBPbspaerdacCO-BoRNBP